[Event "IECG CP.2004.Q.00009 email"]
[Site "IECG email"]
[Date "2006.01.20"]
[Round "?"]
[White "Andersen, Lars Kirstein"]
[Black "Siffring, Claus"]
[Result "1-0"]
[WhiteElo "2083"]
[BlackElo "2280"]
[PlyCount "49"]
[EventDate "2006.01.20"]
[EventType "tourn (corr)"]
[EventRounds "6"]
[EventCountry "ARM"]
[SourceTitle "Telechess CBM 125"]
[Source "ChessBase"]
[SourceDate "2008.07.30"]
[SourceVersion "1"]
[SourceVersionDate "2008.07.30"]
[SourceQuality "1"]

1. d4 Nf6 2. c4 g6 3. Nc3 Bg7 4. e4 d6 5. Nf3 0-0 6. Be2 e5 7. Be3 Na6 8. 0-0 Ng4 9. Bg5 Qe8 10. dxe5 dxe5 11. h3 h6 12. Bd2 Nf6 13. Be3 Qe7 14. Nd5 Qd8 15. Qc2 c6 16. Nxf6+ Qxf6 17. c5 Nc7 18. Rfd1 Ne6 19. Bc4 Re8 20. Rd2 Bf8 21. Rad1 g5 22. Qc3 Nf4 23. Bxf4 gxf4 24. b4 Kh7 25. Kh1 1-0

[Event "IECG CP.2000.F.00002 email"]
[Site "IECG email"]
[Date "2003.10.01"]
[Round "?"]
[White "Schulze, Michael"]
[Black "Siffring, Claus"]
[Result "1/2-1/2"]
[WhiteElo "2421"]
[BlackElo "2276"]
[PlyCount "83"]
[EventDate "2003.10.01"]
[EventType "tourn (corr)"]
[EventRounds "8"]
[SourceTitle "Corr 2008"]
[Source "ChessBase"]
[SourceDate "2008.06.24"]
[SourceVersion "1"]
[SourceVersionDate "2008.06.24"]
[SourceQuality "1"]

1. e4 e5 2. Nf3 Nc6 3. Bb5 a6 4. Ba4 Nf6 5. 0-0 Be7 6. Re1 b5 7. Bb3 0-0 8. c3 d5 9. exd5 Nxd5 10. Nxe5 Nxe5 11. Rxe5 c6 12. d4 Bd6 13. Re1 Qh4 14. g3 Qh3 15. Be3 Bg4 16. Qd3 f5 17. f4 g5 18. Qf1 Qh5 19. Nd2 h6 20. a4 b4 21. Nc4 gxf4 22. Nxd6 fxe3 23. Rxe3 f4 24. gxf4 Kh8 25. Bxd5 cxd5 26. f5 bxc3 27. bxc3 Rg8 28. Rg3 Bf3 29. Qe1 Rxg3+ 30. hxg3 Rg8 31. Qe5+ Kh7 32. Rf1 Qh1+ 33. Kf2 Qg2+ 34. Ke1 Rg4 35. Qe7+ Rg7 36. Qe3 Qxg3+ 37. Kd2 Qxd6 38. Qxf3 Rg3 39. Qe2 Qa3 40. Rc1 Qb2+ 41. Rc2 Qb1 42. f6 1/2-1/2

[Event "IECG CP.2000.F.00002 email"]
[Site "IECG email"]
[Date "2003.10.01"]
[Round "?"]
[White "Siffring, Claus"]
[Black "Ibar, Marcelo Rodolfo"]
[Result "1/2-1/2"]
[WhiteElo "2276"]
[BlackElo "2241"]
[PlyCount "65"]
[EventDate "2003.10.01"]
[EventType "tourn (corr)"]
[EventRounds "8"]
[SourceTitle "Corr 2008"]
[Source "ChessBase"]
[SourceDate "2008.06.24"]
[SourceVersion "1"]
[SourceVersionDate "2008.06.24"]
[SourceQuality "1"]

1. e4 e5 2. Nf3 Nc6 3. Bb5 a6 4. Ba4 Nf6 5. 0-0 Nxe4 6. d4 b5 7. Bb3 d5 8. dxe5 Be6 9. Nbd2 Be7 10. c3 0-0 11. Bc2 f5 12. Nb3 Qd7 13. Nbd4 Nxd4 14. Nxd4 c5 15. Nxe6 Qxe6 16. f3 Ng5 17. a4 Rad8 18. axb5 axb5 19. Bxg5 Bxg5 20. f4 Be7 21. Kh1 g6 22. b4 Qc6 23. bxc5 Qxc5 24. Bb3 Kh8 25. Qd4 Rc8 26. Rf3 Rfd8 27. Qxc5 Rxc5 28. Ra7 Bf8 29. h4 Rdc8 30. h5 Rxc3 31. Rxc3 Rxc3 32. Bxd5 Bc5 33. Rb7 1/2-1/2

[Event "IECG CP.2000.F.00002 email"]
[Site "IECG email"]
[Date "2003.10.01"]
[Round "?"]
[White "Siffring, Claus"]
[Black "Smet, Marc"]
[Result "1-0"]
[WhiteElo "2276"]
[BlackElo "1990"]
[PlyCount "73"]
[EventDate "2003.10.01"]
[EventType "tourn (corr)"]
[EventRounds "8"]
[SourceTitle "Corr 2008"]
[Source "ChessBase"]
[SourceDate "2008.06.24"]
[SourceVersion "1"]
[SourceVersionDate "2008.06.24"]
[SourceQuality "1"]

1. e4 c6 2. d4 d5 3. Nc3 dxe4 4. Nxe4 Nd7 5. Ng5 Nb6 6. N1f3 g6 7. Bd3 Bg7 8. 0-0 h6 9. Nxf7 Kxf7 10. Bxg6+ Kf8 11. Re1 c5 12. dxc5 Qxd1 13. Rxd1 Nd7 14. c3 e6 15. Bf4 Ne7 16. Bd6 Bf6 17. Rac1 Kg7 18. Be4 Kf7 19. b4 Rg8 20. h3 Nf8 21. Nd4 e5 22. Nb5 Ne6 23. Bxe7 Kxe7 24. Nd6 Bg5 25. Rc2 Rb8 26. g3 Nd8 27. Kh2 Be6 28. h4 Bf6 29. Re2 Rf8 30. a4 Bg7 31. Kg2 Bb3 32. Ra1 Be6 33. a5 a6 34. c4 Nc6 35. b5 Nd4 36. Rb2 Bg4 37. Rab1 1-0

[Event "IECG WC.2005.S.00004 email"]
[Site "IECG email"]
[Date "2003.05.19"]
[Round "?"]
[White "Hrvacic, Pavle"]
[Black "Siffring, Claus"]
[Result "0-1"]
[WhiteElo "2297"]
[BlackElo "2269"]
[PlyCount "104"]
[EventDate "2003.05.19"]
[EventType "tourn (corr)"]
[EventRounds "10"]
[SourceTitle "Corr 2008"]
[Source "ChessBase"]
[SourceDate "2008.06.24"]
[SourceVersion "1"]
[SourceVersionDate "2008.06.24"]
[SourceQuality "1"]

1. e4 e5 2. Nf3 Nc6 3. Bb5 a6 4. Ba4 Nf6 5. 0-0 Be7 6. Re1 b5 7. Bb3 0-0 8. a4 Bb7 9. d3 d6 10. Nbd2 Re8 11. c3 h6 12. Nf1 Bf8 13. Ne3 Qd7 14. Nh4 Kh7 15. Nd5 Nxd5 16. Bxd5 Reb8 17. Qf3 Nd8 18. axb5 Bxd5 19. exd5 axb5 20. Bd2 g6 21. b4 Bg7 22. Qe3 c6 23. dxc6 Nxc6 24. Nf3 f5 25. Red1 d5 26. d4 e4 27. Ne1 Ne7 28. Qg3 g5 29. Qh3 Bf6 30. Nc2 Kg6 31. f3 Qc8 32. fxe4 dxe4 33. Qe3 Qc6 34. Qe2 f4 35. Ra5 Nf5 36. Rda1 Rxa5 37. bxa5 b4 38. Rb1 b3 39. Na3 Nd6 40. a6 Qa4 41. Bc1 Rb6 42. a7 Qxa7 43. Bb2 Qa8 44. Rf1 Qd5 45. Re1 f3 46. Qf2 Nf5 47. g4 Nh4 48. Qe3 Re6 49. c4 Qd7 50. Rd1 Re8 51. Kh1 Qxg4 52. Rg1 Qh5 0-1

[Event "IECG WC.2005.S.00004 email"]
[Site "IECG email"]
[Date "2003.05.19"]
[Round "?"]
[White "Siffring, Claus"]
[Black "Bergmann, Michael"]
[Result "1/2-1/2"]
[WhiteElo "2269"]
[BlackElo "2365"]
[PlyCount "59"]
[EventDate "2003.05.19"]
[EventType "tourn (corr)"]
[EventRounds "10"]
[SourceTitle "Corr 2008"]
[Source "ChessBase"]
[SourceDate "2008.06.24"]
[SourceVersion "1"]
[SourceVersionDate "2008.06.24"]
[SourceQuality "1"]

1. d4 e6 2. e4 d5 3. Nd2 c5 4. Ngf3 Nc6 5. exd5 exd5 6. Bb5 Bd6 7. dxc5 Bxc5 8. 0-0 Nge7 9. Nb3 Bd6 10. Re1 0-0 11. Bd3 h6 12. h3 Nf5 13. c3 Bc7 14. Bc2 Qd6 15. Qd3 g6 16. Qd2 h5 17. Qd3 Bd7 18. Bg5 Rae8 19. Rad1 Rxe1+ 20. Rxe1 f6 21. Be3 b6 22. Rd1 Ne5 23. Nxe5 fxe5 24. Qxd5+ Qxd5 25. Rxd5 Bc6 26. Rd2 Nxe3 27. fxe3 Kg7 28. Rf2 Re8 29. Nd2 e4 30. Nb3 1/2-1/2

[Event "IECG CP.2000.Q.00019"]
[Site "IECG email"]
[Date "2001.10.01"]
[Round "?"]
[White "Percze, Janos"]
[Black "Siffring, Claus"]
[Result "0-1"]
[WhiteElo "2319"]
[BlackElo "2183"]
[PlyCount "90"]
[EventDate "2001.10.01"]
[EventType "tourn (corr)"]
[EventRounds "6"]
[SourceTitle "Corr 2008"]
[Source "ChessBase"]
[SourceDate "2008.06.24"]
[SourceVersion "1"]
[SourceVersionDate "2008.06.24"]
[SourceQuality "1"]

1. e4 c5 2. Nf3 d6 3. d4 cxd4 4. Qxd4 a6 5. c4 Nc6 6. Qd2 Nf6 7. Nc3 Bg4 8. Be2 e6 9. 0-0 Be7 10. b3 Qc7 11. Bb2 0-0 12. Qe3 Rfd8 13. Rfd1 Ne5 14. Nd4 Bxe2 15. Qxe2 Ng6 16. Rac1 Rac8 17. Rc2 Ne8 18. Bc1 Bf6 19. Be3 Ne5 20. Rcc1 Qa5 21. f4 Nc6 22. Nxc6 Rxc6 23. Bd2 Qc7 24. Qe3 Be7 25. Qd3 Nf6 26. Kh1 d5 27. cxd5 Ba3 28. Rb1 exd5 29. Be1 Qxf4 30. Bg3 Qg4 31. exd5 Rcc8 32. h3 Qb4 33. Be5 Nd7 34. Bd4 Re8 35. Ne4 f6 36. Re1 Qf8 37. Qf1 Bd6 38. Rbd1 Be5 39. Qf5 Rcd8 40. Be3 Bb8 41. d6 Re5 42. Qf4 Rde8 43. Bd4 Rd5 44. Qc1 Rxe4 45. Rxe4 Qxd6 0-1

[Event "IECG CP.2000.P.00050"]
[Site "IECG email"]
[Date "2000.10.01"]
[Round "?"]
[White "Brozio, Michael"]
[Black "Siffring, Claus"]
[Result "1/2-1/2"]
[WhiteElo "800"]
[BlackElo "2195"]
[PlyCount "65"]
[EventDate "2000.10.01"]
[EventType "tourn (corr)"]
[EventRounds "6"]
[EventCountry "GER"]
[SourceTitle "Corr 2008"]
[Source "ChessBase"]
[SourceDate "2008.06.24"]
[SourceVersion "1"]
[SourceVersionDate "2008.06.24"]
[SourceQuality "1"]

1. e4 c5 2. Nf3 d6 3. Nc3 Nf6 4. d4 cxd4 5. Bb5+ Bd7 6. Nxd4 g6 7. 0-0 Bg7 8. Be2 0-0 9. Be3 Nc6 10. Nxc6 bxc6 11. f4 Qa5 12. a3 Rfd8 13. Qd2 Rab8 14. b4 Qc7 15. Rab1 Ng4 16. Bd4 e5 17. fxe5 Nxe5 18. Qe3 Rb7 19. h3 Bc8 20. Qf2 Be6 21. Ba6 c5 22. Be3 Nc4 23. Bxc4 Bxc4 24. Nd5 Bxd5 25. exd5 Rdb8 26. c3 cxb4 27. Rxb4 a5 28. Rxb7 Qxb7 29. c4 Qc7 30. Bd4 Bxd4 31. Qxd4 Qb6 32. Qxb6 Rxb6 33. Rc1 1/2-1/2

[Event "IECG L1.1999.0.00005 email"]
[Site "IECG email"]
[Date "1999.09.06"]
[Round "?"]
[White "Di Tolla, Francesco"]
[Black "Siffring, Claus"]
[Result "1/2-1/2"]
[WhiteElo "1967"]
[BlackElo "1940"]
[PlyCount "86"]
[EventDate "1999.09.06"]
[EventType "tourn (corr)"]
[EventRounds "14"]
[SourceTitle "Corr 2008"]
[Source "ChessBase"]
[SourceDate "2008.06.24"]
[SourceVersion "1"]
[SourceVersionDate "2008.06.24"]
[SourceQuality "1"]

1. d4 Nf6 2. c4 c5 3. d5 b5 4. cxb5 a6 5. e3 Qa5+ 6. Nc3 Bb7 7. Bd2 axb5 8. Bxb5 Qb6 9. Qb3 e6 10. e4 Nxe4 11. Nxe4 Bxd5 12. Qd3 f5 13. Ng3 Bxg2 14. a4 Qb7 15. f3 Nc6 16. Bc3 Bxh1 17. Nxh1 Na7 18. Ba6 Qc6 19. Kf1 d5 20. Re1 Kf7 21. Nh3 Be7 22. Bb5 Nxb5 23. axb5 Qd6 24. Be5 Qd7 25. Ng3 Bf6 26. Bxf6 gxf6 27. Nf4 Rhe8 28. Rc1 Ra4 29. Ngh5 Rd4 30. Qe2 e5 31. Nd3 Rc4 32. Rxc4 dxc4 33. Nf2 Qxb5 34. Ng3 Ke6 35. Nh3 Rb8 36. Nf4+ Kd7 37. Qd1+ Kc8 38. Nxf5 Qd7 39. Nd5 Kd8 40. Nfe3 Rxb2 41. Kg1 Ra2 42. Qb1 Qa7 43. Nc2 c3 1/2-1/2

[Event "IECG L1.1999.0.00005 email"]
[Site "IECG email"]
[Date "1999.09.06"]
[Round "?"]
[White "Siffring, Claus"]
[Black "Hanegby, Avigdor"]
[Result "1-0"]
[WhiteElo "1940"]
[BlackElo "1877"]
[PlyCount "87"]
[EventDate "1999.09.06"]
[EventType "tourn (corr)"]
[EventRounds "14"]
[SourceTitle "Corr 2008"]
[Source "ChessBase"]
[SourceDate "2008.06.24"]
[SourceVersion "1"]
[SourceVersionDate "2008.06.24"]
[SourceQuality "1"]

1. e4 g6 2. d4 Bg7 3. Nc3 c6 4. f4 d6 5. Nf3 Bg4 6. Be3 Qb6 7. Qd2 Bxf3 8. gxf3 Nd7 9. 0-0-0 Qa5 10. Rg1 b5 11. Kb1 Nb6 12. Ne2 Qxd2 13. Bxd2 Nf6 14. Ng3 0-0 15. f5 a5 16. h4 Rfd8 17. h5 gxh5 18. e5 dxe5 19. dxe5 Ne8 20. Nxh5 Kh8 21. Nxg7 Nxg7 22. Bd3 Nd7 23. f4 Nc5 24. f6 exf6 25. exf6 Ne8 26. Bc3 Nxd3 27. cxd3 Rd5 28. Rg3 Rh5 29. Rdg1 Nc7 30. Bxa5 Ne6 31. Bd2 c5 32. Rf1 Rh2 33. f5 Nd4 34. Rg7 Re8 35. Bf4 Rh5 36. Rxf7 Rxf5 37. Re7 Rf8 38. Rh1 Ne6 39. Bd2 R8xf6 40. Bc3 Nd4 41. Bxd4 cxd4 42. Rhxh7+ Kg8 43. Reg7+ Kf8 44. Rb7 1-0